|
|
|
|
| LEADER |
01714nam a22003497a 4500 |
| 001 |
34634 |
| 003 |
BD-DhAAL |
| 005 |
20220829211309.0 |
| 008 |
190508r20192002ii a 1 eng|d |
| 999 |
|
|
|c 40725
|d 40725
|
| 020 |
|
|
|a 9788126515196 (pbk)
|
| 020 |
|
|
|a 9780471000051 (hbk)
|
| 040 |
|
|
|a BD-DhAAL
|
| 082 |
|
|
|a 515
|
| 100 |
|
|
|a Apostol, Tom M.
|9 31551
|
| 245 |
|
|
|a Calculus.
|n Volume I,
|p One-variable calculus, with an introduction to linear algebra /
|c Tom M. Apostol.
|
| 250 |
|
|
|a Second edition
|
| 260 |
|
|
|a New Dehli ;
|b Wiley,
|a New-York ;
|a Chichester ;
|a Brisbane :
|b John Wiley & Sons,
|c c1967, 2002 [reprinted 2019].
|
| 300 |
|
|
|a xx, 666 pages :
|b illustrations ;
|c 23 cm
|
| 362 |
|
|
|a Vol.1
|
| 500 |
|
|
|a Includes index.
|
| 526 |
|
|
|a MNS
|
| 541 |
|
|
|a Mullick & Brothers, Trim Education
|e 34634, 34635, 39332
|
| 650 |
|
|
|a Calculus
|2 LCSH
|9 31552
|
| 650 |
|
|
|a Mathematics
|2 LCSH
|9 31553
|
| 650 |
|
|
|a Analysis (Mathematics)
|2 LCSH
|9 31554
|
| 650 |
|
|
|a Mathematical analysis.
|9 51168
|
| 852 |
|
|
|a Ayesha Abed Library
|c General Stacks
|
| 942 |
|
|
|2 ddc
|c BK
|
| 952 |
|
|
|0 0
|1 0
|2 ddc
|4 0
|6 515_000000000000000_APO
|7 0
|9 65420
|a BRACUL
|b BRACUL
|c GEN
|d 2019-04-24
|e Mullick & Brothers
|g 850.00
|l 21
|m 84
|o 515 APO
|p 3010034634
|q 2026-06-02
|r 2026-05-10
|s 2026-05-10
|t 1
|v 850.00
|w 2019-04-24
|y BK
|
| 952 |
|
|
|0 0
|1 0
|2 ddc
|4 0
|6 515_000000000000000_APO
|7 0
|9 65421
|a BRACUL
|b BRACUL
|c GEN
|d 2019-04-24
|e Mullick & Brothers
|g 850.00
|l 24
|m 118
|o 515 APO
|p 3010034635
|q 2026-06-02
|r 2025-11-16
|s 2025-11-16
|t 2
|v 850.00
|w 2019-04-24
|y BK
|
| 952 |
|
|
|0 0
|1 0
|2 ddc
|4 0
|6 515_000000000000000_APO
|7 0
|9 71582
|a BRACUL
|b BRACUL
|c GEN
|d 2022-08-04
|e Trim Education
|g 21730.00
|l 8
|m 128
|o 515 APO
|p 3010039332
|q 2026-06-02
|r 2026-05-18
|s 2026-05-18
|t 3
|v 21730.00
|w 2022-08-04
|y BK
|